000 00293nam a2200109Ia 4500
008 200302s9999 xx 000 0 und d
100 _aLesley Brown ED.,
245 _aThe new Shorter Oxford English Dictionary Vol 2 N-Z
260 _bClarendon Press Oxford
260 _c1993
300 _a3801 P.,
999 _c1653
_d1653